| 000 | 02288cam a22004694i 4500 | ||
|---|---|---|---|
| 003 | PE-LiUPU | ||
| 005 | 20250731165400.0 | ||
| 008 | 150925s2010 pe grm 000 0 spa d | ||
| 035 | _a(Sirsi) a154621 | ||
| 040 |
_aPE-LiUPU _bspa _cPE-LiUPU _erda |
||
| 099 | _aTE 3 M26 2010 | ||
| 100 | 1 |
_aMartínez Huamán, Edgar Luis _eautor |
|
| 245 | 1 |
_aPrograma educativo intercultural "Encuentro de Zorros" y su efecto en el desarollo de actitudes interculturales en los estudiantes del Instituto Superior pedagógico Público "José María Arguedas" de Andahuaylas / _cEdgar Luis Martínez Huamán. |
|
| 264 | 0 | _c2010. | |
| 300 |
_a111 hojas _c30 cm |
||
| 336 |
_atext _2rdacontent |
||
| 337 |
_aunmediated _2rdamedia |
||
| 338 |
_avolume _2rdacarrier |
||
| 502 |
_aTesis _b(Mg.) -- _cUniversidad Peruana Unión, _d2010. |
||
| 504 | _aIncluye referencias | ||
| 520 | 3 | _aObjetivo: determinar la efectividad del Programa Educativo Intercultural "Encuentro de zorros" en el desarrollo de las actitudes interculturales en los estudiantes del Instituto Superior Público "José María Arguedas" de Andahuaylas. El tipo de investigación es explicativo. El método de investigación es cuasi-experimental. El diseño es experimental. La población estuvo constituida por 259 estudiantes del Instituto Superior Público "José María Arguedas" de Andahuaylas. La muestra fue de 85 estudiantes de la especialidad de Educación Primaria, mención Educación Bilingüe Intercultural. | |
| 526 | _aSEG44 | ||
| 526 | _aSEG26 | ||
| 526 | _aP151 | ||
| 526 | _aP150 | ||
| 526 | _aP149 | ||
| 526 | _aP146 | ||
| 526 | _aP145 | ||
| 526 | _aP126 | ||
| 526 | _aP125 | ||
| 526 | _aP92 | ||
| 526 | _aP75 | ||
| 526 | _aP74 | ||
| 526 | _aP27 | ||
| 526 | _aP15 | ||
| 650 | 0 | 4 |
_aRelaciones culturales _xPlanes y programas _vTesis. |
| 610 | 2 |
_aInstituto Superior pedagógico Público "José María Arguedas" de Andahuaylas _xRelaciones interculturales _vTesis. |
|
| 596 | _a1 | ||
| 942 |
_2ddc _cTESIS |
||
| 999 |
_aTE 3 M26 2010 _wALPHANUM _c7324 _iT01170 _lCCODEBUL3 _mBUL _r1 _sY _tTESIS _u2015-9-25 _xPOSGRADO _PP57 _o.STAFF. Tesis _d7324 |
||
| 999 |
_aTE 3 M26 2010 _wALPHANUM _c2 _iT01693 _lCCODEBUL3 _mBUL _r1 _sY _tTESIS _u2015-9-25 _xPOSGRADO _PP57 _o.STAFF. Tesis |
||
| 980 |
_81 _gALBERTO SANCHEZ Responsable de Automatización |
||